Zempléni memes családok a Bácskában

Do roku 1848 bol veľký pohyb obyvateľstva na Dolnú zema s roľníckym obyvateľstvom sa iste sťahovali aj zemani, ale máloktorí si nechali zapísať armáles do župného zoznamu zemanov. Bácsmegyovská rodina z Milhosťa sa presťahovala do Bácsky roku 1750 a rodina Kászonyiovcov z Tokaja v roku 1774. Ďalej v...

Celý popis

Podrobná bibliografia
Hlavný autor: Dudás, Július, 1861-1911 (Author)
Médium: Článok
Jazyk:Hungarian
Témy:
Zdroj: 1. Adalékok Zemplénvármegye Történetéhez 1. Roč. 13, č. 1-3 (1907) s. 32-33
LEADER 01449nab#a2200361#ar4500
001 000076907
003 SVKKK
005 20090525124440.0
008 080707d1907 xo |||||||||||||||b|hun
FMT
038 |a SVKKK 
040 |a SVKKK  |b slo  |e AACR2 
041 0 |a hun 
044 |a xo  |c SK 
080 |a 929.52  |2 1997 
080 |a 94(437.67)  |2 1997 
100 1 |a Dudás, Július,  |d 1861-1911  |4 aut 
242 1 0 |a Zemplínske zemianske rodiny v Báčke  |y slo 
245 1 0 |a Zempléni memes családok a Bácskában  |c Július Dudás 
500 |a Dohľadanie 
520 2 |a Do roku 1848 bol veľký pohyb obyvateľstva na Dolnú zema s roľníckym obyvateľstvom sa iste sťahovali aj zemani, ale máloktorí si nechali zapísať armáles do župného zoznamu zemanov. Bácsmegyovská rodina z Milhosťa sa presťahovala do Bácsky roku 1750 a rodina Kászonyiovcov z Tokaja v roku 1774. Ďalej v roku 1827 je záznam o prijatí Kossuthovej rodiny do listiny zemanov v Báčskej župe 
600 1 4 |a Dudás, Július,  |d 1861-1911,  |x historik, pedagóg  |z Zenta (Srbsko)  |x rodák  |z Humenné (Slovensko)  |x pôsobenie, úmrtie 
650 0 4 |a dejiny zemanstva Zemplína  |x sťahovanie ne Dolnú zem  |z stor. 18. 
655 4 |a hungariká 
773 0 |t Adalékok Zemplénvármegye Történetéhez  |g Roč. 13, č. 1-3 (1907) s. 32-33 
957 |a 702 
957 |a 807 
958 |a DG 
958 |a HU 
974 |a Ba 
992 |a RBX 
BAS
998 |a RETRO